Normal view
MARC view
Entry Topical Term
001 - CONTROL NUMBER
- control field: 51786
003 - CONTROL NUMBER IDENTIFIER
- control field: ARRUPE
005 - DATE AND TIME OF LATEST TRANSACTION
- control field: 20220524080704.0
008 - FIXED-LENGTH DATA ELEMENTS
- fixed length control field: 220524|| aca||aabn | a|a d
040 ## - CATALOGING SOURCE
- Original cataloging agency: ARRUPE
- Transcribing agency: ARRUPE
150 ## - HEADING--TOPICAL TERM
- Topical term following geographic name as entry element: More, Thomas, st
670 ## - SOURCE DATA FOUND
- Source citation: Work cat.: (ARRUPE)100520: Lloyd, Peter C 51785, Classes, crises and coups, 1973